Statistics for Washington D.C. Movies by Picture

Click here to take the quiz!

General Stats

  • This quiz has been taken 39 times
  • The average score is 10 of 16

Answer Stats

Answer% Correct
Forrest Gump
92%
Independence Day
87%
Lincoln
87%
Night at the Museum: Battle of the Smithsonian
87%
Captain America: The Winter Soldier
84%
Oppenheimer
82%
Argo
79%
The Exorcist
76%
Raiders of the Lost Ark
74%
Mars Attacks!
68%
All the President's Men
47%
Atlantis: The Lost Empire
47%
The Post
32%
Charlie Wilson's War
24%
Clear and Present Danger
16%
In the Loop
16%

Score Distribution

Percentile by Number Answered

Percent of People with Each Score

Your Score History

You have not taken this quiz